000 00425nam a2200181Ia 4500
001 8220
005 20260306160553.0
008 260306t2006||||xx |||||||||||||| ||spa||
041 _aESP
082 _a370.15
_bP59
100 _aPintrich, Paul R.
_eAUT
245 0 _aMotivación en contextos educativos
260 _c2006
300 _a460 pƔginas :
_ccm.
650 _aGEN
654 _aCED
942 _cLIB
_dJUS
_fJUS
_2ddc
_n
999 _c8220
_d8220